| 000 | 00702nam a22002057a 4500 | ||
|---|---|---|---|
| 999 |
_c13431 _d13431 |
||
| 008 | 190314b ||||| |||| 00| 0 eng d | ||
| 020 | _a9781938421068 | ||
| 082 |
_22013 _aAV-Eb 160 _bE645 |
||
| 100 |
_aEpstein, Richard L. _937580 |
||
| 245 |
_aFundamentals of Argument Analysis / _cRichard L Epstein |
||
| 260 |
_bAdvanced Reasoning Forum, _c©2013. |
||
| 300 | _a229 pages; | ||
| 440 |
_aEssays on Logic as the Art of Reasoning Well _937581 |
||
| 500 | _aIncludes index. | ||
| 650 |
_aLogic. _937582 |
||
| 650 |
_aReasoning. _937583 |
||
| 700 |
_aEpstein, Richard L. _937580 |
||
| 856 | _yhttps://ebookcentral.proquest.com/lib/uniofmindanao-ebooks/detail.action?docID=2051148 | ||
| 942 |
_2ddc _cEB |
||